Case Studies Mentor In Business Studies, Class-XII (Record no. 11875)

MARC details
000 -LEADER
fixed length control field 00323nam a22001217a 4500
008 - FIXED-LENGTH DATA ELEMENTS--GENERAL INFORMATION
fixed length control field 211101b ||||| |||| 00| 0 eng d
020 ## - INTERNATIONAL STANDARD BOOK NUMBER
International Standard Book Number 9788182965768
050 ## - LIBRARY OF CONGRESS CALL NUMBER
Classification number 174.4
Item number 1
245 ## - TITLE STATEMENT
Title Case Studies Mentor In Business Studies, Class-XII
260 ## - PUBLICATION, DISTRIBUTION, ETC. (IMPRINT)
Place of publication, distribution, etc. New Delhi
Name of publisher, distributor, etc. Arya Publication
Date of publication, distribution, etc. 2016
300 ## - PHYSICAL DESCRIPTION
Extent 1
942 ## - ADDED ENTRY ELEMENTS (KOHA)
Source of classification or shelving scheme Dewey Decimal Classification
Koha item type BOOK
Holdings
Withdrawn status Lost status Source of classification or shelving scheme Damaged status Not for loan Home library Current library Shelving location Date acquired Total Checkouts Full call number Barcode Date last seen Date last checked out Price effective from Koha item type
    Dewey Decimal Classification     Good Samaritan School Library Good Samaritan School Library EDUCATION 11/01/2021 4 174.4 DHA15071 12/15/2023 12/08/2023 11/01/2021 BOOK

Powered by Koha